000 00502nam a2200181Ia 4500
001 8775
005 20260306160634.0
008 260306t2013||||xx |||||||||||||| ||spa||
041 _aESP
082 _a371.33
_bS17
100 _aSalido Soler, Elvira
_eAUT
245 0 _aMateriales didácticos para educación infantil:
_bcómo construirlos y cómo trabajar con ellos en el aula
260 _c2013
300 _a139 páginas :
_c20 cm.
650 _aGEN
654 _aCED
942 _cLIB
_dJUS
_fJUS
_2ddc
_n
999 _c8775
_d8775